Classical Indian Dance\ (Record no. 210964)

MARC details
000 -LEADER
fixed length control field 00503nam a22001817a 4500
005 - DATE AND TIME OF LATEST TRANSACTION
control field 20250416105850.0
010 ## - LCCN (DPL NO)
LC control number ENG-144610
020 ## - INTERNATIONAL STANDARD BOOK NUMBER
Terms of availability 1500.00
International Standard Book Number 9789392918087
035 ## - SYSTEM CONTROL NUMBER
System control number EN-128142
037 ## - SOURCE OF ACQUISITION
Source of stock number/acquisition DBAD
082 ## - DEWEY DECIMAL CLASSIFICATION NUMBER
Classification number 792.803
100 ## - MAIN ENTRY--PERSONAL NAME
Personal name Arora Suman
245 ## - TITLE STATEMENT
Title Classical Indian Dance\
Statement of responsibility, etc Suman Arora
260 ## - PUBLICATION, DISTRIBUTION, ETC. (IMPRINT)
Place of publication, distribution, etc Delhi
Name of publisher, distributor, etc Aadi Books
Date of publication, distribution, etc 2022
270 ## - ADDRESS
City Delhi
Address 39/18,Shakti Nagar
Postal code 110007
300 ## - PHYSICAL DESCRIPTION
Extent viii,304p.
Dimensions 22cm(pb)
942 ## - ADDED ENTRY ELEMENTS (KOHA)
Source of classification or shelving scheme Dewey Decimal Classification
Item type English Books
Classification part 792.803
Call number suffix ARO
Holdings
Withdrawn status Lost status Not for loan Collection code Home library Current library Date acquired Source of acquisition Cost, normal purchase price Full call number Barcode Copy number Cost, replacement price Koha item type
    Not For Loan Non-fiction D.B.Act.Division D.B.Act.Division 16/04/2025 DBAD 1500.00 792.803 ARO EN-128142 1 1500.00 English Books

© Delhi Public Library
Hit Counter
free hit counter